000
00200nam a2200109Ia 4500
100
_a
#N/A
942
_c
BK
654
_a
blitzkrieg
245
_a
Blitzkrieg
260
_b
#N/A
_c
2004
546
_a
ENGLISH
999
_c
26029
_d
26029